[Event "38. Offene Stadtmeisterschaft"]
[Site "Bergisch Gladbach"]
[Date "2016.08.26"]
[Round "1.1"]
[White "Ljuboschiz, Alexander"]
[Black "Paul, Andre David"]
[Result "1-0"]
[WhiteElo "1998"]
[BlackElo "1529"]
[PlyCount "93"]
[EventDate "2016.??.??"]
[EventType "swiss"]
[EventRounds "7"]

1. e4 e6 2. d4 d5 3. Nc3 c6 4. Nf3 Be7 5. Bd3 dxe4 6. Nxe4 Nf6 7. Qe2 Nbd7 8.
O-O Nxe4 9. Qxe4 Nf6 10. Qe2 O-O 11. Bg5 Nd5 12. Bd2 Bf6 13. Qe4 g6 14. c4 Nc7
15. Bh6 Re8 16. Rad1 Bg7 17. Bxg7 Kxg7 18. h4 Qf6 19. h5 Qf5 20. h6+ Kg8 21.
Qh4 Qh5 22. Qxh5 gxh5 23. Rfe1 f6 24. Re4 e5 25. dxe5 Bf5 26. Ree1 Bg4 27. exf6
Bxf3 28. gxf3 Kf7 29. Bxh7 Rxe1+ 30. Rxe1 Kxf6 31. Be4 Rh8 32. h7 Ne6 33. Rd1
Ke7 34. Kg2 Ng5 35. Rh1 Ne6 36. Kg3 Ng7 37. Kh4 Kf6 38. Rg1 Nf5+ 39. Bxf5 Kxf5
40. Rg5+ Kf6 41. Rxh5 Kg6 42. f4 Rxh7 43. f5+ Kg7 44. Rxh7+ Kxh7 45. Kg5 Kg7
46. f6+ Kf7 47. Kf5 1-0

[Event "38. Offene Stadtmeisterschaft"]
[Site "Bergisch Gladbach"]
[Date "2016.08.26"]
[Round "1.2"]
[White "Schüers, Christian"]
[Black "Weiser, Hans-Josef"]
[Result "1/2-1/2"]
[WhiteElo "1520"]
[BlackElo "1990"]
[PlyCount "110"]
[EventDate "2016.??.??"]
[EventType "swiss"]
[EventRounds "7"]

1. d4 Nf6 2. Nf3 g6 3. c4 Bg7 4. Nc3 d6 5. e3 Nbd7 6. Be2 O-O 7. O-O e5 8. dxe5
dxe5 9. b3 b6 10. Bb2 Bb7 11. Rc1 Re8 12. h3 Rc8 13. Re1 a6 14. Nh2 Qe7 15. Rc2
Red8 16. Qa1 Nc5 17. Rd1 Rxd1+ 18. Qxd1 Rd8 19. Rd2 Rxd2 20. Qxd2 Nfe4 21. Qd1
Nxc3 22. Bxc3 e4 23. Bxg7 Kxg7 24. Nf1 f5 25. Qd4+ Qf6 26. Qxf6+ Kxf6 27. Nd2
Ke6 28. Kf1 Kd6 29. Nb1 Nd7 30. Ke1 Nf6 31. Kd2 Ke5 32. g3 g5 33. Nc3 f4 34. g4
Bc8 35. Bf1 Bb7 36. Ne2 c5 37. Nc3 Bc8 38. Na4 Nd7 39. Nc3 Bb7 40. Bg2 Bc6 41.
Bf1 Nf6 42. Na4 Nd7 43. Nc3 f3 44. a3 Nf6 45. b4 cxb4 46. axb4 a5 47. b5 Bb7
48. Na4 Nd7 49. Kc3 Bc8 50. Kb3 Kd6 51. Kc3 Ke5 52. Kd2 Kf6 53. Kc3 Ke5 54. Kd2
Kd6 55. Kc3 Ke5 1/2-1/2

[Event "38. Offene Stadtmeisterschaft"]
[Site "Bergisch Gladbach"]
[Date "2016.08.26"]
[Round "1.3"]
[White "Heckötter, Christian"]
[Black "Nichte, Philipp"]
[Result "1/2-1/2"]
[WhiteElo "1985"]
[BlackElo "1438"]
[PlyCount "72"]
[EventDate "2016.??.??"]
[EventType "swiss"]
[EventRounds "7"]

1. d4 d5 2. Nf3 Nf6 3. e3 e6 4. Bd3 c5 5. b3 Nc6 6. Bb2 cxd4 7. exd4 Qc7 8. a3
Bd6 9. O-O O-O 10. Nbd2 b6 11. Re1 a5 12. Qe2 Nb8 13. Ne5 Ba6 14. c4 dxc4 15.
Ndxc4 Bb7 16. Rac1 Qd8 17. Bb1 Nc6 18. Qd3 Ne7 19. Qh3 Ng6 20. Nxg6 hxg6 21.
Bxg6 Bd5 22. Bb1 Bf4 23. Rcd1 Rc8 24. Ne5 g6 25. Bc1 Bxc1 26. Rxc1 Rxc1 27.
Rxc1 Be4 28. Bxe4 Nxe4 29. Nxg6 Qxd4 30. Nxf8 Qxf2+ 31. Kh1 Qf4 32. Qh7+ Kxf8
33. Rc8+ Ke7 34. h3 Qf1+ 35. Kh2 Qf4+ 36. Kh1 Qf1+ 1/2-1/2

[Event "38. Offene Stadtmeisterschaft"]
[Site "Bergisch Gladbach"]
[Date "2016.08.26"]
[Round "1.4"]
[White "Roder, Stephan"]
[Black "Eilers, Jochen"]
[Result "0-1"]
[WhiteElo "1396"]
[BlackElo "1956"]
[PlyCount "52"]
[EventDate "2016.??.??"]
[EventType "swiss"]
[EventRounds "7"]

1. d4 Nf6 2. Bg5 c5 3. e3 Qb6 4. dxc5 Qxc5 5. Bxf6 gxf6 6. c3 Nc6 7. Nd2 d6 8.
Nb3 Qb6 9. Ne2 Bd7 10. Nf4 e6 11. Nh5 Be7 12. Ng7+ Kf8 13. Nh5 a5 14. Qg4 Rg8
15. Qf4 Rg6 16. O-O-O a4 17. Nd2 e5 18. Qc4 Ra5 19. b4 axb3 20. Qxb3 Qc7 21.
Ng3 Be6 22. c4 d5 23. f4 dxc4 24. Qb1 exf4 25. exf4 Nd4 26. f5 Ba3+ 0-1

[Event "38. Offene Stadtmeisterschaft"]
[Site "Bergisch Gladbach"]
[Date "2016.08.26"]
[Round "1.5"]
[White "Salbert, Heinrich"]
[Black "Fey, Helmut"]
[Result "1/2-1/2"]
[WhiteElo "1899"]
[BlackElo "1365"]
[PlyCount "122"]
[EventDate "2016.??.??"]
[EventType "swiss"]
[EventRounds "7"]

1. e4 e5 2. Nf3 Nc6 3. Bb5 a6 4. Ba4 Nf6 5. O-O Be7 6. Re1 b5 7. Bb3 O-O 8. c3
d6 9. d3 Bg4 10. h3 Bh5 11. Nbd2 h6 12. Nf1 Qd7 13. Ng3 Bg6 14. a4 Rab8 15.
axb5 axb5 16. Nh4 Bh7 17. Nhf5 Nd8 18. Be3 Ne6 19. Qe2 Rfd8 20. Rad1 Bf8 21.
Qf3 b4 22. Nxh6+ gxh6 23. Qxf6 Bg7 24. Qh4 bxc3 25. Bxe6 Qxe6 26. bxc3 Rd7 27.
Nh5 Qg6 28. Rb1 Re8 29. Nxg7 Kxg7 30. Qg4 Qxg4 31. hxg4 f6 32. Rb7 Bg8 33. Ra1
Ree7 34. Raa7 Be6 35. f3 c6 36. Rxd7 Rxd7 37. Ra6 Rc7 38. c4 Kg6 39. Kf2 Rc8
40. Bb6 h5 41. gxh5+ Kxh5 42. g4+ Kg6 43. Be3 Bf7 44. Kg3 Be8 45. f4 Rb8 46.
f5+ Kg7 47. Ra7+ Bf7 48. Kf3 Kg8 49. Ra6 Rc8 50. Ke2 Kf8 51. Kd2 Ke7 52. Kc3
Be8 53. Kb4 Bd7 54. Ra7 Rb8+ 55. Kc3 Rg8 56. c5 Rxg4 57. cxd6+ Kxd6 58. Kc4 Ke7
59. Bc5+ Ke8 60. Ra8+ Kf7 61. Ra7 Ke8 1/2-1/2

[Event "38. Offene Stadtmeisterschaft"]
[Site "Bergisch Gladbach"]
[Date "2016.08.26"]
[Round "1.6"]
[White "Hoferichter, Michael"]
[Black "Gutt, Oswald"]
[Result "0-1"]
[WhiteElo "1351"]
[BlackElo "1874"]
[PlyCount "64"]
[EventDate "2016.??.??"]
[EventType "swiss"]
[EventRounds "7"]

1. e4 e5 2. Nf3 Nc6 3. Bc4 Nf6 4. d3 Bc5 5. O-O d6 6. h3 h6 7. c3 a6 8. a4 O-O
9. Nbd2 Ne7 10. b4 Ba7 11. Bb2 Ng6 12. d4 Qe7 13. Re1 c6 14. dxe5 dxe5 15. Ba3
b5 16. Bf1 Rd8 17. c4 Rb8 18. c5 Rb7 19. Qc2 Be6 20. Nb3 Bxb3 21. Qxb3 Rbd7 22.
Bb2 Bb8 23. axb5 axb5 24. Be2 Nf4 25. Bf1 Nd3 26. Bxd3 Rxd3 27. Qc2 Nh5 28. Ra8
Rxf3 29. gxf3 Nf4 30. Kh2 Qh4 31. Rh1 Qxh3+ 32. Kg1 Qg2# 0-1

[Event "38. Offene Stadtmeisterschaft"]
[Site "Bergisch Gladbach"]
[Date "2016.08.26"]
[Round "1.7"]
[White "Themm, Rainer"]
[Black "Schiminowski, Tim"]
[Result "1-0"]
[WhiteElo "1871"]
[BlackElo "1312"]
[PlyCount "117"]
[EventDate "2016.??.??"]
[EventType "swiss"]
[EventRounds "7"]

1. c4 e6 2. Nc3 d5 3. e3 c5 4. Nf3 Nf6 5. d4 Nc6 6. Be2 Be7 7. O-O O-O 8. cxd5
cxd4 9. Nxd4 Nxd5 10. Nxc6 bxc6 11. Bd2 Bf6 12. Rc1 Rb8 13. b3 Nxc3 14. Bxc3
Bxc3 15. Rxc3 Qa5 16. Qc2 Rb6 17. Rd1 Ba6 18. Bf3 Bb7 19. h3 Ra6 20. Be2 Rb6
21. Rc5 Qa3 22. Bf3 Ra6 23. Rd2 Ra5 24. Rc4 Ra6 25. Bxc6 Rxc6 26. Rxc6 Bxc6 27.
Qxc6 h6 28. Qc2 Qa6 29. Qd1 Kh7 30. a4 Rc8 31. Rd7 f6 32. Qd3+ Qxd3 33. Rxd3 e5
34. g4 Rc1+ 35. Kg2 a5 36. Rd5 Rc3 37. Rb5 Kg6 38. h4 h5 39. g5 fxg5 40. hxg5
Kxg5 41. Rxe5+ Kg4 42. Rxa5 Rxb3 43. Rb5 Ra3 44. f3+ Kh4 45. Rb4+ Kg5 46. Re4
g6 47. Kf2 h4 48. Kg2 Ra2+ 49. Kh3 Ra1 50. Rg4+ Kf5 51. Rxh4 g5 52. Rb4 Ra3 53.
Re4 g4+ 54. Rxg4 Rxe3 55. Kg3 Ra3 56. Rb4 Ke6 57. Kg4 Kd6 58. Kf4 Kc5 59. Re4
1-0

[Event "38. Offene Stadtmeisterschaft"]
[Site "Bergisch Gladbach"]
[Date "2016.08.26"]
[Round "1.8"]
[White "Felsmann, Helmut"]
[Black "Rosenauer, Horst"]
[Result "0-1"]
[WhiteElo "1293"]
[BlackElo "1870"]
[PlyCount "118"]
[EventDate "2016.??.??"]
[EventType "swiss"]
[EventRounds "7"]

1. e4 e5 2. Nc3 Nf6 3. Nf3 Nc6 4. Bc4 Bc5 5. Na4 Nxe4 6. Nxc5 Nxc5 7. O-O O-O
8. d4 exd4 9. Nxd4 Ne5 10. Bb3 Nxb3 11. axb3 d5 12. Bf4 Ng6 13. Bg3 c6 14. Re1
a6 15. Qd2 Bd7 16. Re3 Re8 17. Rae1 Rxe3 18. Rxe3 Nf8 19. Qe2 c5 20. Nf3 Be6
21. Bh4 Qa5 22. h3 Re8 23. Ng5 d4 24. Rf3 Qa1+ 25. Kh2 Qxb2 26. Nxe6 Rxe6 27.
Qc4 Qa3 28. Qd5 Qb4 29. Bg3 Qb6 30. h4 Qc6 31. Qh5 Ng6 32. Qg5 h6 33. Qd8+ Re8
34. Qa5 f6 35. Rf5 Ne5 36. Bxe5 fxe5 37. Qd2 Qe6 38. g4 b5 39. Qe2 e4 40. Kh3
c4 41. bxc4 bxc4 42. Rc5 d3 43. cxd3 cxd3 44. Qe3 Rf8 45. f4 Rd8 46. Re5 Qxe5
47. fxe5 d2 48. Qb3+ Kh8 49. Qd1 e3 50. e6 Re8 51. Kg3 Rxe6 52. Kf3 e2 53. Qxe2
Rxe2 54. Kxe2 d1=Q+ 55. Kxd1 Kg8 56. Kc2 Kf7 57. Kc3 Kf6 58. Kb4 Ke5 59. g5 h5
0-1

[Event "38. Offene Stadtmeisterschaft"]
[Site "Bergisch Gladbach"]
[Date "2016.08.26"]
[Round "1.9"]
[White "Behle, Burkhard"]
[Black "Wilde, Christian"]
[Result "1-0"]
[WhiteElo "1863"]
[BlackElo "1219"]
[PlyCount "77"]
[EventDate "2016.??.??"]
[EventType "swiss"]
[EventRounds "7"]

1. d4 d5 2. c4 e6 3. Nc3 Nf6 4. Bg5 Be7 5. e3 dxc4 6. Bxc4 b6 7. Nf3 O-O 8. O-O
Bb7 9. Rc1 Ne4 10. Bxe7 Qxe7 11. Bd3 f5 12. Qc2 Nxc3 13. Qxc3 Ba6 14. Ne5 Bxd3
15. Qxd3 c5 16. dxc5 bxc5 17. Rfd1 a5 18. Qc4 Ra6 19. Nd7 Rd8 20. Nxb8 Rxd1+
21. Rxd1 Rd6 22. Rxd6 Qxd6 23. Na6 Qd1+ 24. Qf1 Qc2 25. g3 c4 26. Nc5 Kf7 27.
h4 h5 28. Kg2 a4 29. Kf3 Qd2 30. Qxc4 Qd1+ 31. Kg2 Qd6 32. Nxa4 Qb8 33. Nc5
Qa8+ 34. Kg1 Qc8 35. Kf1 Ke7 36. Qxe6+ Qxe6 37. Nxe6 Kxe6 38. Ke2 Kd5 39. Kf3
1-0

[Event "38. Offene Stadtmeisterschaft"]
[Site "Bergisch Gladbach"]
[Date "2016.08.26"]
[Round "1.11"]
[White "Bigott, Martin"]
[Black "Pfennig, Dieter"]
[Result "1-0"]
[WhiteElo "1831"]
[BlackElo "1170"]
[PlyCount "23"]
[EventDate "2016.??.??"]
[EventType "swiss"]
[EventRounds "7"]

1. e4 e5 2. Nf3 d6 3. Bc4 Bg4 4. c3 Nf6 5. Qb3 Be6 6. Bxe6 fxe6 7. Qxe6+ Qe7 8.
Qb3 c5 9. d3 Nc6 10. Bg5 h6 11. Bxf6 Qxf6 12. Qxb7 1-0

[Event "38. Offene Stadtmeisterschaft"]
[Site "Bergisch Gladbach"]
[Date "2016.08.26"]
[Round "1.12"]
[White "Hoffmann, Tobias"]
[Black "Henseler, Klaus"]
[Result "0-1"]
[WhiteElo "1146"]
[BlackElo "1816"]
[PlyCount "130"]
[EventDate "2016.??.??"]
[EventType "swiss"]
[EventRounds "7"]

1. e4 c5 2. Bc4 e6 3. Nf3 a6 4. Nc3 Nc6 5. a3 g6 6. O-O Bg7 7. d3 Nge7 8. Ng5
h6 9. Nf3 O-O 10. Na4 b5 11. Bxb5 axb5 12. Nxc5 d6 13. Nb3 Na5 14. Nxa5 Qxa5
15. Bd2 Qc7 16. c3 Bb7 17. Nd4 Bc6 18. Nxc6 Qxc6 19. Rb1 d5 20. exd5 Qxd5 21.
b3 Qxd3 22. Be1 Qxd1 23. Rxd1 Rxa3 24. Rb1 Rc8 25. b4 Bxc3 26. Bxc3 Raxc3 27.
h3 Nd5 28. Rfd1 R3c4 29. Rb2 Rc1 30. Rxc1 Rxc1+ 31. Kh2 Rc4 32. Ra2 Rxb4 33.
Ra8+ Kg7 34. Ra5 Rb1 35. Kg3 b4 36. Rb5 b3 37. Kf3 b2 38. Rb3 f5 39. Ke2 Kf6
40. Kd2 Rf1 41. Rxb2 Rxf2+ 42. Kc1 Rxb2 43. Kxb2 f4 44. Kc2 Ne3+ 45. Kd3 Nxg2
46. Ke2 e5 47. Kf3 Ne3 48. Ke4 g5 49. Kf3 Kf5 50. Kf2 e4 51. Ke2 g4 52. hxg4+
Kxg4 53. Kf2 h5 54. Kg1 Kg3 55. Kh1 Ng4 56. Kg1 e3 57. Kf1 f3 58. Ke1 Kg2 59.
Kd1 f2 60. Kc2 f1=Q 61. Kb3 e2 62. Kb4 e1=Q+ 63. Kb3 Qd2 64. Ka4 Qb2 65. Ka5
Qfa1# 0-1

[Event "38. Offene Stadtmeisterschaft"]
[Site "Bergisch Gladbach"]
[Date "2016.08.26"]
[Round "1.13"]
[White "Lobbes, Frank"]
[Black "Hoffmann, Julian"]
[Result "1-0"]
[WhiteElo "1721"]
[BlackElo "996"]
[PlyCount "35"]
[EventDate "2016.??.??"]
[EventType "swiss"]
[EventRounds "7"]

1. e4 e5 2. Nc3 a6 3. f4 f6 4. fxe5 Nc6 5. exf6 Nxf6 6. Nf3 d6 7. d4 b5 8. Bg5
h6 9. Bxf6 Qxf6 10. Nd5 Qf7 11. Be2 Be6 12. Ne3 Bd7 13. O-O O-O-O 14. a4 Nb8
15. axb5 Bxb5 16. c4 Bc6 17. Ne5 dxe5 18. Rxf7 1-0

[Event "38. Offene Stadtmeisterschaft"]
[Site "Bergisch Gladbach"]
[Date "2016.08.26"]
[Round "1.14"]
[White "Blüggel, Theodor"]
[Black "Winckler, Andreas"]
[Result "0-1"]
[WhiteElo "888"]
[BlackElo "1718"]
[PlyCount "54"]
[EventDate "2016.??.??"]
[EventType "swiss"]
[EventRounds "7"]

1. d4 Nf6 2. c4 g6 3. Nc3 d5 4. e3 Bg7 5. Bd3 O-O 6. h3 Nc6 7. Nf3 Re8 8. b3 e5
9. Bc2 exd4 10. Nxd4 Nxd4 11. Qxd4 Ne4 12. Qxd5 Bxc3+ 13. Kf1 Qxd5 14. cxd5
Bxa1 15. Bxe4 Rxe4 16. f3 Re8 17. g4 b5 18. Kf2 Bb7 19. e4 Bd4+ 20. Kg2 Rad8
21. Bh6 f5 22. gxf5 gxf5 23. Re1 fxe4 24. Rxe4 Rxe4 25. fxe4 Rd6 26. Bf4 Rd7
27. Kf3 Rf7 0-1

[Event "38. Offene Stadtmeisterschaft"]
[Site "Bergisch Gladbach"]
[Date "2016.08.26"]
[Round "1.15"]
[White "Hertling, Jürgen"]
[Black "Ramien, Hannah"]
[Result "1-0"]
[WhiteElo "1667"]
[BlackElo "843"]
[PlyCount "97"]
[EventDate "2016.??.??"]
[EventType "swiss"]
[EventRounds "7"]

1. d4 d5 2. c4 Nf6 3. cxd5 Nxd5 4. e4 Nf6 5. Nc3 Nc6 6. Nf3 Bg4 7. Be3 e6 8.
Be2 Bb4 9. Qd3 Bh5 10. h3 Bg6 11. Nd2 Ba5 12. O-O Nb4 13. Qb5+ Nc6 14. Qxb7 Ne7
15. Bb5+ Kf8 16. e5 Bxc3 17. exf6 gxf6 18. Bh6+ Kg8 19. bxc3 Rb8 20. Qf3 Nf5
21. Ne4 Nxh6 22. Bc4 f5 23. Nc5 Qg5 24. Qe2 Bh5 25. Qe5 Kf8 26. Qxh8+ Qg8 27.
Qxg8+ Kxg8 28. Rab1 Rxb1 29. Rxb1 Kg7 30. Rb7 Kg6 31. Rxc7 a5 32. a4 Bd1 33.
Ra7 Ng8 34. Rxa5 Ne7 35. Ra8 Kg5 36. a5 Bc2 37. f3 Kf4 38. a6 Nc6 39. Rc8 Na7
40. Rc7 Nb5 41. Bxb5 Bb1 42. a7 Ba2 43. a8=Q Bd5 44. Qg8 Ke3 45. Qg5+ f4 46.
Qe5+ Be4 47. Qxe4+ Kd2 48. Nb3+ Kd1 49. Qb1# 1-0

[Event "38. Offene Stadtmeisterschaft"]
[Site "Bergisch Gladbach"]
[Date "2016.09.02"]
[Round "2.1"]
[White "Henseler, Klaus"]
[Black "Ljuboschiz, Alexander"]
[Result "1-0"]
[WhiteElo "1816"]
[BlackElo "1998"]
[PlyCount "119"]
[EventDate "2016.??.??"]
[EventType "swiss"]
[EventRounds "7"]

1. c4 g6 2. g3 Bg7 3. Bg2 e5 4. e4 Nc6 5. Nc3 d6 6. Nge2 f5 7. d3 Nf6 8. O-O
O-O 9. f3 Be6 10. Be3 Qd7 11. Nd5 Rf7 12. Qd2 Raf8 13. Rac1 Nh5 14. exf5 gxf5
15. f4 Nd4 16. fxe5 dxe5 17. Bxd4 exd4 18. Ndf4 Nxf4 19. Nxf4 c6 20. Rce1 Bh6
21. Qa5 Bxf4 22. Rxf4 a6 23. Qe5 Rf6 24. Qxd4 Qc8 25. Qf2 Rd8 26. Re3 Qc7 27.
b3 Bc8 28. d4 Be6 29. Re5 Rdf8 30. Qe3 Qd6 31. Bf3 Kg7 32. d5 cxd5 33. cxd5 Bg8
34. Re7+ R8f7 35. Rxf7+ Bxf7 36. Qd4 Kg6 37. Kg2 Qa3 38. Qd2 Rd6 39. h4 Qc5 40.
Rxf5 h6 41. Re5 Kg7 42. h5 Rf6 43. Re1 Qd6 44. Qd4 Kg8 45. Re5 Qa3 46. Re2 Qd6
47. Qe5 Qxe5 48. Rxe5 Rd6 49. Kf2 Kg7 50. Ke3 Kf6 51. Kd4 b6 52. g4 Rd8 53. Be4
Rc8 54. Rf5+ Ke7 55. Ke5 Be8 56. Rf6 Bd7 57. Rxh6 Bxg4 58. Bf5 Bxf5 59. Kxf5
Rc5 60. Ke5 1-0

[Event "38. Offene Stadtmeisterschaft"]
[Site "Bergisch Gladbach"]
[Date "2016.09.02"]
[Round "2.2"]
[White "Eilers, Jochen"]
[Black "Bigott, Martin"]
[Result "1-0"]
[WhiteElo "1956"]
[BlackElo "1831"]
[PlyCount "67"]
[EventDate "2016.??.??"]
[EventType "swiss"]
[EventRounds "7"]

1. g3 d5 2. Nf3 c5 3. c4 d4 4. b4 cxb4 5. a3 bxa3 6. Bxa3 Nc6 7. d3 e5 8. Bxf8
Kxf8 9. Bg2 Nge7 10. Nbd2 Bf5 11. Qb3 Rb8 12. O-O h5 13. Nh4 g5 14. Nxf5 Nxf5
15. Qb5 a6 16. Qc5+ Qe7 17. Ne4 f6 18. Nxf6 Qxc5 19. Nd7+ Ke7 20. Nxc5 g4 21.
Nxb7 Rxb7 22. Bxc6 Rb2 23. Rxa6 Rhb8 24. Bd5 Rxe2 25. Re6+ Kd7 26. Ra1 Rbb2 27.
Rg6 Ne7 28. Ra7+ Ke8 29. Re6 Re1+ 30. Kg2 Reb1 31. Rexe7+ Kd8 32. Red7+ Ke8 33.
Bf7+ Kf8 34. Ra8+ 1-0

[Event "38. Offene Stadtmeisterschaft"]
[Site "Bergisch Gladbach"]
[Date "2016.09.02"]
[Round "2.3"]
[White "Gutt, Oswald"]
[Black "Lobbes, Frank"]
[Result "1/2-1/2"]
[WhiteElo "1874"]
[BlackElo "1721"]
[PlyCount "32"]
[EventDate "2016.??.??"]
[EventType "swiss"]
[EventRounds "7"]

1. c4 e5 2. Nc3 Nf6 3. Nf3 d6 4. g3 Be7 5. Bg2 c6 6. O-O O-O 7. Qc2 Bg4 8. d3
Qd7 9. b4 Rc8 10. Rb1 Na6 11. a3 Nc7 12. Bg5 Ne6 13. Bxf6 Bxf6 14. e3 h6 15.
Ne4 Be7 16. c5 Bxf3 1/2-1/2

[Event "38. Offene Stadtmeisterschaft"]
[Site "Bergisch Gladbach"]
[Date "2016.09.02"]
[Round "2.4"]
[White "Winckler, Andreas"]
[Black "Themm, Rainer"]
[Result "0-1"]
[WhiteElo "1718"]
[BlackElo "1871"]
[PlyCount "98"]
[EventDate "2016.??.??"]
[EventType "swiss"]
[EventRounds "7"]

1. b4 e5 2. Bb2 d6 3. e3 Nf6 4. c4 Nbd7 5. Nc3 Be7 6. d3 c6 7. a4 O-O 8. Nf3
Re8 9. Be2 b6 10. O-O d5 11. Qb3 Bb7 12. Rfd1 Rb8 13. b5 Nc5 14. Qc2 Bd6 15. d4
exd4 16. Nxd4 Qc7 17. bxc6 Bxc6 18. Ncb5 Bxb5 19. Nxb5 Qe7 20. Nxd6 Qxd6 21.
cxd5 Rbc8 22. Qf5 Qd7 23. Qf4 Re4 24. Qg3 Qf5 25. Bf3 Rb4 26. Bxf6 Qxf6 27. a5
Nd7 28. axb6 Qxb6 29. h3 g6 30. Rac1 Rxc1 31. Rxc1 Rb1 32. Rxb1 Qxb1+ 33. Kh2
Qb6 34. Qf4 Qf6 35. g3 Qxf4 36. gxf4 f5 37. Bd1 Kf7 38. f3 Nc5 39. Bc2 a5 40.
Kg2 a4 41. Bb1 a3 42. Ba2 Ke7 43. Kf2 Nd3+ 44. Ke2 Nc1+ 45. Kd2 Nxa2 46. Kc2
Nb4+ 47. Kb1 Nxd5 48. e4 fxe4 49. fxe4 Nc3+ 0-1

[Event "38. Offene Stadtmeisterschaft"]
[Site "Bergisch Gladbach"]
[Date "2016.09.02"]
[Round "2.5"]
[White "Rosenauer, Horst"]
[Black "Hertling, Jürgen"]
[Result "1/2-1/2"]
[WhiteElo "1870"]
[BlackElo "1667"]
[PlyCount "104"]
[EventDate "2016.??.??"]
[EventType "swiss"]
[EventRounds "7"]

1. e4 e5 2. Nf3 Nc6 3. Bb5 a6 4. Ba4 Nf6 5. d3 b5 6. Bb3 Be7 7. a4 Bb7 8. Nc3
Bb4 9. Bd2 Bxc3 10. Bxc3 d6 11. O-O O-O 12. Qe1 Ne7 13. Nh4 c5 14. Ba5 Qd7 15.
c3 Qg4 16. f3 Qg5 17. Kh1 Ng6 18. Nxg6 Qxg6 19. Qe3 Rfe8 20. Bc7 Nh5 21. g3
Rac8 22. Ba5 c4 23. Bc2 d5 24. Rae1 Re6 25. dxc4 Nxg3+ 26. hxg3 Qxg3 27. Rf2
Rh6+ 28. Qxh6 Qxf2 29. Qe3 Qxc2 30. axb5 dxe4 31. fxe4 Rxc4 32. Qe2 Bxe4+ 33.
Kg1 axb5 34. Qxc2 Bxc2 35. Rxe5 Rc8 36. Rxb5 f5 37. Bb6 Kf7 38. Bd4 Be4 39. b4
g5 40. Rb6 Rc6 41. Rb7+ Kg6 42. Rg7+ Kh6 43. b5 Rd6 44. Rc7 Re6 45. c4 Rd6 46.
Ba7 Rd1+ 47. Kf2 Kh5 48. Rxh7+ Kg4 49. Ke2 Bf3+ 50. Kf2 f4 51. Rg7 Rd2+ 52. Kf1
Rd1+ 1/2-1/2

[Event "38. Offene Stadtmeisterschaft"]
[Site "Bergisch Gladbach"]
[Date "2016.09.02"]
[Round "2.6"]
[White "Kulle, Robin"]
[Black "Behle, Burkhard"]
[Result "1-0"]
[WhiteElo "1863"]
[BlackElo "1664"]
[PlyCount "43"]
[EventDate "2016.??.??"]
[EventType "swiss"]
[EventRounds "7"]

1. d4 Nf6 2. c4 g6 3. Nc3 Bg7 4. e4 d6 5. Bd3 O-O 6. Nge2 Nc6 7. O-O e5 8. d5
Ne7 9. f4 c6 10. Qc2 Qb6+ 11. Kh1 Ng4 12. Ng3 cxd5 13. exd5 Nf5 14. Nxf5 Bxf5
15. Bxf5 gxf5 16. h3 Ne3 17. Bxe3 Qxe3 18. Rf3 Qc5 19. Qxf5 Qxc4 20. Ne4 exf4
21. Nf6+ Bxf6 22. Qxf6 1-0

[Event "38. Offene Stadtmeisterschaft"]
[Site "Bergisch Gladbach"]
[Date "2016.09.02"]
[Round "2.8"]
[White "Weiser, Hans-Josef"]
[Black "Salbert, Heinrich"]
[Result "1/2-1/2"]
[WhiteElo "1990"]
[BlackElo "1899"]
[PlyCount "28"]
[EventDate "2016.??.??"]
[EventType "swiss"]
[EventRounds "7"]

1. e4 c5 2. Nf3 a6 3. d4 cxd4 4. Nxd4 Nf6 5. Nc3 e5 6. Nf3 d6 7. Bc4 b5 8. Bd5
Nxd5 9. Nxd5 Be7 10. Be3 Nd7 11. Qd3 Bb7 12. Rd1 Bxd5 13. Qxd5 O-O 14. O-O Kh8
1/2-1/2

[Event "38. Offene Stadtmeisterschaft"]
[Site "Bergisch Gladbach"]
[Date "2016.09.02"]
[Round "2.9"]
[White "Fey, Helmut"]
[Black "Heckötter, Christian"]
[Result "0-1"]
[WhiteElo "1365"]
[BlackElo "1985"]
[PlyCount "62"]
[EventDate "2016.??.??"]
[EventType "swiss"]
[EventRounds "7"]

1. e4 e6 2. d4 d5 3. Nc3 Bb4 4. e5 c5 5. Nf3 Nc6 6. Be2 cxd4 7. Nxd4 Nxe5 8.
O-O Ne7 9. Bf4 N5g6 10. Bg3 a6 11. a3 Bd6 12. Bxd6 Qxd6 13. Nf3 Nf4 14. Qd4
Nxe2+ 15. Nxe2 O-O 16. Ng3 Nc6 17. Qd2 e5 18. Rad1 Be6 19. Rfe1 f6 20. h3 Qe7
21. c3 Rfd8 22. Qc2 Rac8 23. Nh4 Qf7 24. Qe2 Re8 25. Nhf5 Rcd8 26. Qg4 Kh8 27.
Qf3 Rd7 28. Ne3 Red8 29. Nc2 d4 30. Nb4 Nxb4 31. cxb4 Rc8 0-1

[Event "38. Offene Stadtmeisterschaft"]
[Site "Bergisch Gladbach"]
[Date "2016.09.02"]
[Round "2.10"]
[White "Nichte, Philipp"]
[Black "Schüers, Christian"]
[Result "1-0"]
[WhiteElo "1438"]
[BlackElo "1520"]
[PlyCount "81"]
[EventDate "2016.??.??"]
[EventType "swiss"]
[EventRounds "7"]

1. e4 d6 2. d4 g6 3. Nf3 Bg7 4. Bc4 e6 5. O-O Ne7 6. Be3 O-O 7. Nbd2 Nd7 8. c3
b6 9. Ng5 Nf6 10. f4 h6 11. Ngf3 Bb7 12. e5 Ng4 13. Qe2 Nxe3 14. Qxe3 a5 15.
Bd3 Ba6 16. Bxa6 Rxa6 17. Ne4 Nd5 18. Qd2 dxe5 19. dxe5 Qc8 20. c4 Ne7 21. Rad1
Ra8 22. Qd7 Nf5 23. Qd2 Rd8 24. Qf2 Bf8 25. g4 Ng7 26. Nf6+ Kh8 27. Qh4 Ne8 28.
g5 Nxf6 29. exf6 Bc5+ 30. Kg2 h5 31. Ne5 Qb7+ 32. Kh3 Kg8 33. Qe1 Rd6 34. Rxd6
cxd6 35. Nd3 Bd4 36. Qe2 Re8 37. f5 e5 38. fxg6 Qd7+ 39. Kg3 Qg4+ 40. Qxg4 hxg4
41. Kxg4 1-0

[Event "38. Offene Stadtmeisterschaft"]
[Site "Bergisch Gladbach"]
[Date "2016.09.02"]
[Round "2.11"]
[White "Wilde, Christian"]
[Black "Gnass, Arno"]
[Result "0-1"]
[WhiteElo "1219"]
[BlackElo "1640"]
[PlyCount "66"]
[EventDate "2016.??.??"]
[EventType "swiss"]
[EventRounds "7"]

1. d4 Nf6 2. c4 g6 3. Nc3 d5 4. cxd5 Nxd5 5. e4 Nxc3 6. bxc3 Bg7 7. Bc4 O-O 8.
Ne2 c5 9. O-O cxd4 10. cxd4 Nc6 11. Be3 a6 12. a4 Bg4 13. f3 Bd7 14. Rb1 Rc8
15. d5 Ne5 16. Bd3 Nxd3 17. Qxd3 Bxa4 18. Rfc1 Bb5 19. Rxc8 Qxc8 20. Rxb5 axb5
21. Qxb5 Qa8 22. Bc5 Re8 23. Bd4 Bxd4+ 24. Nxd4 Qa1+ 25. Kf2 Qxd4+ 26. Kg3 Qe5+
27. f4 Qc3+ 28. Kg4 h5+ 29. Kh4 Rc8 30. e5 Qe3 31. g3 Qf3 32. h3 Rc3 33. Qe8+
Kg7 0-1

[Event "38. Offene Stadtmeisterschaft"]
[Site "Bergisch Gladbach"]
[Date "2016.09.02"]
[Round "2.12"]
[White "Paul, Andre David"]
[Black "Grothe, Karl-Josef"]
[Result "1-0"]
[WhiteElo "1529"]
[BlackElo "1180"]
[PlyCount "85"]
[EventDate "2016.??.??"]
[EventType "swiss"]
[EventRounds "7"]

1. d4 g6 2. c4 Bg7 3. Nf3 d6 4. Nc3 Bg4 5. e3 Bxf3 6. Qxf3 c6 7. Be2 Nf6 8. O-O
Nbd7 9. Rd1 O-O 10. e4 e5 11. d5 c5 12. Bg5 h6 13. Be3 a6 14. Qh3 Nh7 15. Bxh6
Ndf6 16. Be3 Qd7 17. Qh4 b5 18. cxb5 axb5 19. Bxb5 Qg4 20. Qxg4 Nxg4 21. Bd2 f5
22. f3 Ngf6 23. Re1 f4 24. a4 Rab8 25. Reb1 g5 26. h3 Rf7 27. Bc6 Nh5 28. Nb5
Bf8 29. a5 Be7 30. a6 Rff8 31. a7 Rxb5 32. Bxb5 Ng3 33. a8=Q Nf6 34. Qc6 Kg7
35. Ra7 Rf7 36. b4 Kg6 37. bxc5 dxc5 38. Qe6 Ngh5 39. Be8 Kh7 40. Qxf7+ Ng7 41.
Rxe7 Nfh5 42. Qxh5+ Kg8 43. Qxg5 1-0